000 00533nam a2200217Ia 4500
008 171120s9999 xx 000 0 und d
020 _a9718816151
050 _a238.2
050 _bC363 1994
100 _aCatholic Church.
245 _aCatechism of the Catholic Church /
245 _cby Catholic Church.
260 _bWord & life,
260 _c1994
300 _a828 pages :
300 _billustrations ;
300 _c17cm.
650 _aCatholic Church --
650 _xCatechism -- English.
700 _aTitle.
999 _c345433
_d345433